000 00496nam a2200181Ia 4500
001 15022
003 IN-NITTTR
005 20251114233141.0
008 251113s9999||||xx |||||||||||||| ||eng||
040 _beng
040 _cIN-NITTTR
041 _aeng
082 _a004.14 E46M
100 _aEckhouse, Richard H.
245 0 _aMinicomputer systems :
_b organization, programming and applications /
_cEckhouse, Richard H., Morris, L. Robert
700 _a Morris, L. Robert
942 _2ddc
_cBK
999 _c17657
_d17657